| 000 | 00000nam##2200000za#4500 |
| 001 | 9.640428 |
| 003 | CaOODSP |
| 005 | 20210624222650 |
| 007 | cr ||||||||||| |
| 008 | 150407|1998||||xxc|||||o f|0| 0 fre|d |
| 040 | |aCaOODSP|bfre |
| 043 | |an-cn--- |
| 086 | 1 |aD82-46/1999F-PDF |
| 110 | 1 |aCanada.|bProtection civile Canada. |
| 245 | 10|aSolutions de rechange aux sacs de sable pour une protection temporaire contre les inondations / |h[ressource électronique]|c[par] Kevin Biggar, Srboljub Masala. |
| 260 | |aOttawa - Ontario : |bProtection civile Canada |cOctobre 1998. |
| 300 | |a83p.|bfigures (certaines en couleur), références, tableaux, photographies |
| 500 | |aCette publication a été signalée dans la Liste hebdomadaire 00-30, sous le numéro de catalogue D82-46/1999-IN. |
| 520 | 3 |a« La présente étude traite de récentes méthodes novatrices pouvant remplacer l'utilisation des sacs de sable comme mesure de protection temporaire contre les inondations. Il s'agit essentiellement d'un examen de la documentation publiée à ce sujet et des brochures commerciales disponibles »--Résumé, p2. |
| 691 | 07|aProtection civile|2gcpds |
| 691 | 07|aInondation|2gcpds |
| 691 | 07|aMesure de sécurité|2gcpds |
| 710 | 2 |aMinistère des transports et des services publics de l'Alberta. |
| 720 | 1 |aBiggar, Kevin |
| 720 | 1 |aMasala, Srboljub |
| 775 | 08|tAlternatives to sandbags for temporary flood protection / |w(CaOODSP)9.696310 |
| 776 | 0#|tSolutions de rechange aux sacs de sable pour une protection temporaire contre les inondations / |w(CaOODSP)9.680773 |
| 856 | 40|ahttp://publications.gc.ca|qPDF|s1.80 Mo|uhttps://publications.gc.ca/collections/Collection/D82-46-1999F.pdf |